000 00252nam a22001217a 4500
020 _a0-8499-1487-6
082 _a823
_bVIS/J
100 _aVISCHER, PHIL
245 _aJUNIOR'S COLORS
260 _aUSA
650 _aENGLISH SHORT STORY
_zUSA
942 _cBK
999 _c3117
_d3117